000 00316 a2200145 4500
001 154418
040 _cEscola São Tomás de Aquino
100 _aCHILD, Lauren
240 1 0 _aCharli e Lola
_lpor
245 1 0 _aCharli e Lola
362 0 _a2009
440 1 _aÁtica
697 _a*LITERATURA INFANTIL
942 _cBK
999 _c154418
_d154418